[Event "Mistrzostwa Polski Niewidomych"]
[Site "Jastrzebia Gora"]
[Date "2011.??.??"]
[Round "9.5"]
[White "Gosek, Zenon"]
[Black "Falkowski, Dawid"]
[Result "0-1"]
[WhiteElo "2060"]
[BlackElo "2069"]
[PlyCount "92"]
[EventDate "2011.??.??"]

1. Nf3 Nf6 2. d4 d5 3. c4 c6 4. e3 Bf5 5. Nc3 e6 6. Nh4 Nbd7 7. Nxf5 exf5 8.
cxd5 cxd5 9. Bd3 g6 10. O-O Bd6 11. h3 O-O 12. b3 Rc8 13. Nb5 Bb8 14. Ba3 a6
15. Bxf8 Qxf8 16. Rc1 axb5 17. Bxb5 Rd8 18. Rc2 Ne4 19. g3 Ndf6 20. Bd3 Ng5 21.
h4 Nge4 22. Qf3 Bd6 23. a4 Bb4 24. Rd1 Bc3 25. Qe2 Qb4 26. Bxe4 Nxe4 27. Qb5
Qd6 28. Kg2 Rd7 29. Qe2 Re7 30. Rdc1 Nxg3 31. Qf3 Ne4 32. Rxc3 Nxc3 33. Rxc3
Re4 34. Kf1 Rxh4 35. Qg3 Qa6+ 36. Ke1 Rh1+ 37. Kd2 Qf1 38. Rc8+ Kg7 39. Qe5+
Kh6 40. Qf4+ Kh5 41. Qf3+ Kh6 42. Qf4+ g5 43. Qf3 Qe1+ 44. Kd3 Qb1+ 45. Rc2 Rc1
46. Qe2 Qxb3+ 0-1

[Event "Mistrzostwa Polski Niewidomych"]
[Site "Jastrzebia Gora"]
[Date "2011.??.??"]
[Round "9.6"]
[White "Stachanczyk, Jacek"]
[Black "Dukaczewski, Piotr"]
[Result "1-0"]
[WhiteElo "2303"]
[BlackElo "2295"]
[PlyCount "77"]
[EventDate "2011.??.??"]

1. e4 c5 2. Nf3 Nc6 3. d4 cxd4 4. Nxd4 Nf6 5. Nc3 d6 6. Bg5 e6 7. Qd2 a6 8.
O-O-O Bd7 9. f4 b5 10. Bxf6 gxf6 11. Kb1 Qb6 12. Nxc6 Bxc6 13. f5 Qc5 14. fxe6
fxe6 15. Qd3 Qe5 16. g3 Rd8 17. Bh3 Bg7 18. Nd5 f5 19. Qb3 Rd7 20. Rhe1 fxe4
21. Bxe6 Rb7 22. Nb4 Rc7 23. Nxc6 Rxc6 24. Bd5 Rc4 25. Bxc4 bxc4 26. Qb7 O-O
27. Rxe4 Qh5 28. Ree1 c3 29. Qd5+ Qxd5 30. Rxd5 cxb2 31. Rxd6 a5 32. Ra6 Bc3
33. Rd1 Kg7 34. Rc6 Bf6 35. Rf1 h5 36. Rcxf6 Rxf6 37. Rxf6 Kxf6 38. Kxb2 Ke5
39. c4 1-0

[Event "Mistrzostwa Polski Niewidomych"]
[Site "Jastrzebia Gora"]
[Date "2011.??.??"]
[Round "10.2"]
[White "Falkowski, Dawid"]
[Black "Stachanczyk, Jacek"]
[Result "0-1"]
[WhiteElo "2069"]
[BlackElo "2303"]
[PlyCount "68"]
[EventDate "2011.??.??"]

1. e4 c5 2. Nf3 Nc6 3. d4 cxd4 4. Nxd4 g6 5. Nc3 Bg7 6. Be3 d6 7. Qd2 Nf6 8. f3
O-O 9. O-O-O Nxd4 10. Bxd4 Be6 11. Kb1 Qc7 12. g4 Rfc8 13. h4 Qa5 14. Nd5 Qxd2
15. Nxf6+ Bxf6 16. Rxd2 Kg7 17. Be2 Bxd4 18. Rxd4 Kf6 19. g5+ Ke5 20. Rhd1 Rc5
21. c4 a5 22. b3 h6 23. Kc2 hxg5 24. hxg5 b5 25. Kc3 Rh8 26. Kd3 Kf4 27. e5+
Kxe5 28. f4+ Kf5 29. Rg1 bxc4+ 30. bxc4 Rh3+ 31. Kc2 Rh2 32. Kd3 Bxc4+ 33. Rxc4
Rxc4 34. Kxc4 Rxe2 0-1

[Event "Mistrzostwa Polski Niewidomych"]
[Site "Jastrzebia Gora"]
[Date "2011.??.??"]
[Round "10.3"]
[White "Mackowiak, Marek"]
[Black "Gosek, Zenon"]
[Result "1/2-1/2"]
[WhiteElo "2215"]
[BlackElo "2060"]
[PlyCount "113"]
[EventDate "2011.??.??"]

1. c4 e5 2. Nc3 Nc6 3. g3 d6 4. Bg2 Be6 5. b3 Qd7 6. Bb2 g6 7. d3 Bg7 8. e3 Nh6
9. h3 O-O 10. Nge2 Rae8 11. Qd2 Nd8 12. O-O-O c6 13. d4 Qc7 14. d5 cxd5 15.
Nxd5 Qb8 16. Ndc3 Nf5 17. e4 Nd4 18. Nxd4 exd4 19. Nb5 Nc6 20. Nxd4 Nxd4 21.
Bxd4 Bxd4 22. Qxd4 b5 23. cxb5 Qxb5 24. Bf1 Qc5+ 25. Kb2 Rc8 26. Qxc5 dxc5 27.
Kc3 Rfd8 28. Bc4 Rxd1 29. Rxd1 Bxh3 30. e5 Rc7 31. f4 Kf8 32. Bd5 h5 33. Kc4 a6
34. Kc3 Bg4 35. Rd2 Bc8 36. Be4 Ke7 37. Rd6 Rd7 38. Rxd7+ Bxd7 39. Kc4 Be8 40.
Kxc5 f6 41. Kd5 g5 42. e6 Bb5 43. Bf3 h4 44. gxh4 gxh4 45. Bg2 Bd3 46. Bh3 f5
47. Ke5 a5 48. a3 Bc2 49. b4 axb4 50. axb4 Bd3 51. Bg2 Bc4 52. Kxf5 Bxe6+ 53.
Ke5 h3 54. Bf1 Bd7 55. Kd5 Kf6 56. Kd6 h2 57. Bg2 1/2-1/2

[Event "Mistrzostwa Polski Niewidomych"]
[Site "Jastrzebia Gora"]
[Date "2011.??.??"]
[Round "10.5"]
[White "Pawelec, Bartosz"]
[Black "Zarow, Zdzislaw"]
[Result "1-0"]
[WhiteElo "2045"]
[BlackElo "1959"]
[PlyCount "125"]
[EventDate "2011.??.??"]

1. e4 e6 2. d4 d5 3. Nd2 b6 4. Ngf3 Bb7 5. Bd3 c5 6. c3 a6 7. O-O Nd7 8. Re1
Ngf6 9. e5 Ng4 10. Nf1 h5 11. Ng5 Qe7 12. h3 Nh6 13. Qxh5 O-O-O 14. a4 c4 15.
Bc2 g6 16. Qe2 Nf5 17. b3 Bh6 18. Nf3 Bxc1 19. Rexc1 cxb3 20. Bxb3 Kb8 21. Bc2
Rc8 22. Bd3 Ka7 23. Qb2 g5 24. Qb4 Qd8 25. Bxf5 exf5 26. Qb1 g4 27. hxg4 fxg4
28. N3h2 Qg5 29. Qd3 f5 30. Qg3 Rh4 31. Nf3 Rch8 32. Qxh4 Qg7 33. Qg5 Qh7 34.
N3h2 Rg8 35. Qe3 Nf8 36. f4 Ne6 37. g3 Qh3 38. Ra2 a5 39. Qf2 Ba6 40. Qg2 Qh6
41. Qf2 Rh8 42. Ne3 Qf8 43. Rb2 Nc7 44. Qc2 Bc8 45. Rcb1 Rh6 46. Rb3 Bd7 47.
Qb2 Qb8 48. Ra3 Qe8 49. Rb3 Qg6 50. Qg2 Qf7 51. Ra3 Rh3 52. Raa1 Rh6 53. Kf2
Rc6 54. Rb3 Rh6 55. Rba3 Qh7 56. Rh1 Qe7 57. Ra2 Qe8 58. Nhf1 Rc6 59. Nd1 Rc4
60. Rh7 Ka6 61. Nfe3 Rc6 62. Nxd5 Nxd5 63. Qxd5 1-0

[Event "Mistrzostwa Polski Niewidomych"]
[Site "Jastrzebia Gora"]
[Date "2011.??.??"]
[Round "10.6"]
[White "Zoltek, Tadeusz"]
[Black "Gunajew, Rafal"]
[Result "1/2-1/2"]
[WhiteElo "2147"]
[BlackElo "2272"]
[PlyCount "59"]
[EventDate "2011.??.??"]

1. Nf3 d5 2. d4 c6 3. c4 e6 4. Qc2 dxc4 5. Qxc4 b5 6. Qc2 Bb7 7. e4 Nd7 8. Nc3
a6 9. Be3 Rc8 10. Rd1 b4 11. Na4 Qa5 12. b3 Ngf6 13. Nc5 Nxc5 14. dxc5 Nd7 15.
Rc1 Qc7 16. Be2 Be7 17. O-O a5 18. Rfd1 O-O 19. Bf4 e5 20. Be3 Ra8 21. Rd2 Ba6
22. Bxa6 Rxa6 23. Rcd1 Nb8 24. Bg5 f6 25. Be3 Qc8 26. Qc4+ Kh8 27. h3 Qc7 28.
Nh4 Re8 29. Nf5 Ra7 30. Qf7 1/2-1/2

[Event "Mistrzostwa Polski Niewidomych"]
[Site "Jastrzebia Gora"]
[Date "2011.??.??"]
[Round "11.1"]
[White "Gunajew, Rafal"]
[Black "Chojnowski, Marcin"]
[Result "1-0"]
[WhiteElo "2272"]
[BlackElo "2147"]
[PlyCount "69"]
[EventDate "2011.??.??"]

1. e4 c5 2. Nf3 Nc6 3. d4 cxd4 4. Nxd4 Nf6 5. Nc3 e5 6. Ndb5 d6 7. Bg5 a6 8.
Na3 b5 9. Nd5 Be7 10. Bxf6 Bxf6 11. c3 Ne7 12. Nc2 Nxd5 13. exd5 Bg5 14. a4
bxa4 15. Nb4 O-O 16. Qxa4 e4 17. Qc6 Bg4 18. Bxa6 e3 19. f3 Bh4+ 20. Ke2 Bd7
21. Qc4 Rb8 22. Ra2 Qg5 23. g3 Qg6 24. Qxh4 Rxb4 25. Qxb4 Qc2+ 26. Kxe3 Re8+
27. Kd4 Qf2+ 28. Kc4 Qxf3 29. Qxd6 Qe4+ 30. Kb3 Bf5 31. Rf1 Qc2+ 32. Kb4 Bg6
33. Rf4 Qxh2 34. Rc4 Bb1 35. Ka3 1-0

[Event "Mistrzostwa Polski Niewidomych"]
[Site "Jastrzebia Gora"]
[Date "2011.??.??"]
[Round "11.2"]
[White "Zarow, Zdzislaw"]
[Black "Zoltek, Tadeusz"]
[Result "0-1"]
[WhiteElo "1959"]
[BlackElo "2147"]
[PlyCount "82"]
[EventDate "2011.??.??"]

1. e4 e6 2. d4 d5 3. Nd2 c5 4. Ngf3 Nf6 5. e5 Nfd7 6. c3 Nc6 7. Bb5 Be7 8. O-O
O-O 9. Bxc6 bxc6 10. Re1 Ba6 11. Nf1 Bxf1 12. Rxf1 cxd4 13. Qxd4 f5 14. Qf4 Nc5
15. Nd4 Qd7 16. Rd1 Ne4 17. Qf3 c5 18. Ne2 Qc7 19. Ng3 Qxe5 20. Bf4 Qf6 21. Nh5
Qf7 22. Be5 Nf6 23. Nf4 Ng4 24. Re1 Nxe5 25. Rxe5 Bd6 26. Re2 Bxf4 27. Qxf4
Rad8 28. Rae1 Rfe8 29. Qe5 Qd7 30. Qg3 Qd6 31. Re5 d4 32. cxd4 cxd4 33. Qd3 Rb8
34. b3 Rbc8 35. f4 Rc3 36. Qb5 Re7 37. Qa5 Rc2 38. Rd1 d3 39. h3 Qd4+ 40. Kh1
d2 41. Re2 Rc1 0-1

[Event "Mistrzostwa Polski Niewidomych"]
[Site "Jastrzebia Gora"]
[Date "2011.??.??"]
[Round "11.3"]
[White "Wolanski, Michal"]
[Black "Pawelec, Bartosz"]
[Result "1/2-1/2"]
[WhiteElo "1962"]
[BlackElo "2045"]
[PlyCount "95"]
[EventDate "2011.??.??"]

1. c4 e5 2. Nc3 c5 3. Nf3 Nc6 4. g3 g6 5. Bg2 Bg7 6. O-O Nge7 7. Rb1 O-O 8. a3
a5 9. d3 d6 10. Nd5 Nxd5 11. cxd5 Ne7 12. Nd2 b5 13. a4 Bb7 14. e4 Ba6 15. axb5
Bxb5 16. Nc4 Bxc4 17. dxc4 f5 18. f3 Qb6 19. Qa4 Ra7 20. Bd2 Rb8 21. Bc3 Qb3
22. Ra1 Bh6 23. Rfe1 Kf7 24. Re2 Qb7 25. Qc2 Qa8 26. Bh3 f4 27. Be6+ Kg7 28. g4
a4 29. h4 g5 30. hxg5 Bxg5 31. Ra3 Ra6 32. Bd7 Rb3 33. Rxb3 axb3 34. Qxb3 Ra1+
35. Kg2 Ng6 36. Bc6 Qf8 37. Qb7+ Be7 38. Re1 Ra2 39. Rh1 Qf6 40. Rh5 Ra1 41. g5
Qf7 42. Qc8 h6 43. gxh6+ Kh7 44. Qh3 Nh4+ 45. Rxh4 Bxh4 46. Qxh4 Qg6+ 47. Qg4
Qxh6 48. Qd7+ 1/2-1/2

[Event "Mistrzostwa Polski Niewidomych"]
[Site "Jastrzebia Gora"]
[Date "2011.??.??"]
[Round "11.4"]
[White "Gosek, Zenon"]
[Black "Suder, Ryszard"]
[Result "1-0"]
[WhiteElo "2060"]
[BlackElo "2235"]
[PlyCount "107"]
[EventDate "2011.??.??"]

1. e4 Nf6 2. d3 d6 3. Nc3 g6 4. g3 Bg7 5. Bg2 O-O 6. f4 c6 7. Nf3 Nbd7 8. Be3
e5 9. Qd2 Qa5 10. a3 Ng4 11. Bg1 exf4 12. gxf4 f5 13. h3 Nh6 14. Nd4 Nf6 15.
O-O-O Bd7 16. Be3 Qc7 17. Nf3 Nh5 18. d4 fxe4 19. Nxe4 Nf5 20. Bf2 Rae8 21.
Rhe1 Ne7 22. Qb4 Nxf4 23. Nxd6 Nfd5 24. Nxe8 Bxe8 25. Qb3 Kh8 26. Bh4 Nf5 27.
Bg5 Qg3 28. Re2 Nd6 29. h4 Qg4 30. Rde1 Bf7 31. Qd3 h6 32. Bd2 Nf5 33. Ne5 Qxh4
34. Nxf7+ Rxf7 35. Bxd5 cxd5 36. c3 Kh7 37. Qf3 Rd7 38. Rh1 Qf6 39. Reh2 Qc6
40. Kb1 Qf6 41. Bxh6 Bxh6 42. Rxh6+ Kg8 43. Rg1 Kf7 44. Rh7+ Ng7 45. Qxf6+ Kxf6
46. Rh6 Ne8 47. Rgxg6+ Kf5 48. Re6 Nc7 49. Re5+ Kf4 50. Rf6+ Kg4 51. Re1 Kg3
52. Rg1+ Kh2 53. Rg5 Rh7 54. Rff5 1-0

[Event "Mistrzostwa Polski Niewidomych"]
[Site "Jastrzebia Gora"]
[Date "2011.??.??"]
[Round "11.5"]
[White "Stachanczyk, Jacek"]
[Black "Mackowiak, Marek"]
[Result "1/2-1/2"]
[WhiteElo "2303"]
[BlackElo "2215"]
[PlyCount "62"]
[EventDate "2011.??.??"]

1. e4 e5 2. Nf3 Nc6 3. Bb5 d6 4. O-O Bd7 5. Nc3 Nf6 6. Re1 Be7 7. d4 exd4 8.
Nxd4 Nxd4 9. Qxd4 Bxb5 10. Nxb5 a6 11. Nc3 O-O 12. Bf4 Re8 13. h3 Nd7 14. Nd5
Bf6 15. Qb4 b6 16. Rad1 Be5 17. Bc1 Nf6 18. Qc4 Nxd5 19. exd5 Qd7 20. Re4 b5
21. Qe2 f5 22. Re3 Bf4 23. Re6 Be5 24. Qf3 Qf7 25. Rxe8+ Rxe8 26. Qa3 Ra8 27.
c4 Qd7 28. cxb5 Qxb5 29. Qf3 Bxb2 30. Qxf5 Qe2 31. Qg4 Qxg4 1/2-1/2

[Event "Mistrzostwa Polski Niewidomych"]
[Site "Jastrzebia Gora"]
[Date "2011.??.??"]
[Round "11.6"]
[White "Dukaczewski, Piotr"]
[Black "Falkowski, Dawid"]
[Result "1-0"]
[WhiteElo "2295"]
[BlackElo "2069"]
[PlyCount "31"]
[EventDate "2011.??.??"]

1. c4 e5 2. Nc3 Nc6 3. g3 g6 4. Bg2 Bg7 5. a3 d6 6. b4 Be6 7. Qa4 Qd7 8. b5 Nd8
9. e3 Ne7 10. Qb3 O-O 11. h3 f5 12. Nge2 Kh8 13. d4 d5 14. cxd5 Bg8 15. dxe5
Bxe5 16. Bb2 1-0